Интеллектуальный кондуктометр; Физико-технические проблемы атомной энергетики и промышленности

Бібліографічні деталі
Parent link:Физико-технические проблемы атомной энергетики и промышленности.— 2005.— С. 129.
Автор: Горюнов А. Г. Алексей Германович
Інші автори: Бейгель А. Г., Ливенцов С. Н. Сергей Николаевич
Мова:Російська
Опубліковано: 2005
Предмети:
Формат: Частина з книги
KOHA link:https://koha.lib.tpu.ru/cgi-bin/koha/opac-detail.pl?biblionumber=83431

MARC

LEADER 00000naa2a2200000 4500
001 83431
005 20240202101851.0
035 |a (RuTPU)RU\TPU\book\89689 
090 |a 83431 
100 |a 20051017d2005 k y0rusy50 ca 
101 0 |a rus 
102 |a RU 
200 1 |a Интеллектуальный кондуктометр  |f А. Г. Горюнов, А. Г. Бейгель, С. Н. Ливенцов 
320 |a Библиогр.: 1 назв. 
463 0 |0 (RuTPU)RU\TPU\book\86598  |y 5-7262-0526-S  |t Физико-технические проблемы атомной энергетики и промышленности  |o III Международная научно-практическая конференция, 7-8 июня 2005 г., Томск  |o сборник тезисов докладов  |f Томский политехнический университет  |v С. 129.  |d 2005  |p 190 с. 
610 1 |a кондуктометры 
610 1 |a электролиты 
610 1 |a электропроводность 
610 1 |a измерения 
610 1 |a труды учёных ТПУ 
700 1 |a Горюнов  |b А. Г.  |c специалист в области автоматического управления  |c заведующий кафедрой Томского политехнического университета, доктор технических наук  |f 1979-  |g Алексей Германович  |3 (RuTPU)RU\TPU\pers\25726  |9 11628 
701 1 |a Бейгель  |b А. Г. 
701 1 |a Ливенцов  |b С. Н.  |c специалист в области автоматического управления  |c профессор Томского политехнического университета, доктор технических наук  |f 1955-  |g Сергей Николаевич  |3 (RuTPU)RU\TPU\pers\25467  |9 11406 
801 1 |a RU  |b 63413507  |c 20051017  |g PSBO 
801 2 |a RU  |b 63413507  |c 20150813  |g RCR 
942 |c BK